|
|
|
|
| LEADER |
01852cas a2200241 a 4500 |
| 001 |
AALejournalIMF016804 |
| 008 |
230101c9999 xx r poo 0 0eng d |
| 020 |
|
|
|c 5.00 USD
|
| 020 |
|
|
|z 9781475519228
|
| 022 |
|
|
|a 1934-7685
|
| 040 |
|
|
|a BD-DhAAL
|c BD-DhAAL
|
| 110 |
2 |
|
|a International Monetary Fund.
|b Western Hemisphere Dept.
|
| 245 |
1 |
0 |
|a Costa Rica :
|b 2016 Article IV Consultation-Press Release; Staff Report; and Statement by the Executive Director for Costa Rica.
|
| 264 |
|
1 |
|a Washington, D.C. :
|b International Monetary Fund,
|c 2016.
|
| 300 |
|
|
|a 1 online resource (90 pages)
|
| 490 |
1 |
|
|a IMF Staff Country Reports
|
| 500 |
|
|
|a <strong>Off-Campus Access:</strong> No User ID or Password Required
|
| 500 |
|
|
|a <strong>On-Campus Access:</strong> No User ID or Password Required
|
| 506 |
|
|
|a Electronic access restricted to authorized BRAC University faculty, staff and students
|
| 520 |
3 |
|
|a This paper discusses key issues related to the economy of Costa Rica. It bounced back quickly from the global financial crisis; growth has moderated below trend and macro vulnerabilities, mainly from the weak fiscal position, are rising. Policy actions have been broadly consistent with past IMF advice. A third year of growth below potential has resulted in a moderate output gap. The central bank took advantage of the favorable shock from lower oil prices to reduce its inflation target range. The exchange rate has been stable despite abandonment of band regime, and reserve accumulation has resumed strongly. The external position is close to equilibrium, with competitiveness largely unchanged in 2014-15.
|
| 538 |
|
|
|a Mode of access: Internet
|
| 830 |
|
0 |
|a IMF Staff Country Reports; Country Report ;
|v No. 2016/131
|
| 856 |
4 |
0 |
|z Full text available on IMF
|u http://elibrary.imf.org/view/journals/002/2016/131/002.2016.issue-131-en.xml
|z IMF e-Library
|